00401nam a2200145 a 4500008004100000050001600041100002100057245004400078246002700122260003700149300001600186350000900202650001500211650002900226120416s1974 ||||||||||||||||| || u aHD 58.7 Dub aDuBrin, Andrew J10aFundamentals of organizational behavior aan applied perspective aNew YorkbPergamon Pressc[1974] a[xvi], 487p a0.00 0aMANAGEMENT aORGANIZATIONAL BEHAVIOUR